书目信息 |
| 题名: |
中国建筑文化与书法艺术
|
|
| 作者: | 花景新 主编 | |
| 分册: | ||
| 出版信息: | 济南 山东科学技术出版社 2021.11 |
|
| 页数: | 284页 | |
| 开本: | 26cm | |
| 丛书名: | ||
| 单 册: | ||
| 中图分类: | TU-092.2 , J292.1 | |
| 科图分类: | ||
| 主题词: | 古建筑--gu jian zhu--建筑艺术--关系--书法--研究--中国 | |
| 电子资源: | ||
| ISBN: | 978-7-5723-1093-5 | |
| 000 | 00999nam0 2200241 450 | |
| 001 | 26848 | |
| 005 | 20220920174541.54 | |
| 010 | @a978-7-5723-1093-5@dCNY56.00 | |
| 100 | @a20220810d2021 em y0chiy50 ea | |
| 101 | 0 | @achi |
| 102 | @aCN@b370000 | |
| 105 | @aa a 000yy | |
| 200 | 1 | @a中国建筑文化与书法艺术@Azhong guo jian zhu wen hua yu shu fa yi shu@f花景新主编 |
| 210 | @a济南@c山东科学技术出版社@d2021.11 | |
| 215 | @a284页@c图 (部分彩图)@d26cm | |
| 320 | @a有书目 (第281-282页) | |
| 330 | @a本书包括总论和各论共十二章, 内容包括: 中国建筑文化、中国书法常识、中国书法简史、中国书法艺术价值、建筑与书法、坛庙建筑与书法艺术、宗教建筑与书法艺术、宫殿建筑与书法艺术、园林建筑与书法艺术、陵墓建筑与书法艺术、古代城市设施建筑与书法艺术、民居建筑与书法艺术。 | |
| 606 | 0 | @a古建筑@Agu jian zhu@x建筑艺术@x关系@x书法@x研究@y中国 |
| 690 | @aTU-092.2@v5 | |
| 690 | @aJ292.1@v5 | |
| 701 | 0 | @a花景新@Ahua jing xin@4主编 |
| 801 | 0 | @aCN@c20220910 |
| 905 | @a河南城建学院图书馆@dTU-092.2@eH647@f2 | |
| 中国建筑文化与书法艺术/花景新主编.-济南:山东科学技术出版社,2021.11 |
| 284页:图 (部分彩图);26cm |
| ISBN 978-7-5723-1093-5:CNY56.00 |
| 本书包括总论和各论共十二章, 内容包括: 中国建筑文化、中国书法常识、中国书法简史、中国书法艺术价值、建筑与书法、坛庙建筑与书法艺术、宗教建筑与书法艺术、宫殿建筑与书法艺术、园林建筑与书法艺术、陵墓建筑与书法艺术、古代城市设施建筑与书法艺术、民居建筑与书法艺术。 |
| ● |
| 相关链接 |
|
|
|
正题名:中国建筑文化与书法艺术
索取号:TU-092.2/H647
 
预约/预借
| 序号 | 登录号 | 条形码 | 馆藏地/架位号 | 状态 | 备注 |
| 1 | 1578355 | 215783551 | 建筑库101/101建筑库 6排3列4层/ [索取号:TU-092.2/H647] | 在馆 | |
| 2 | 1578356 | 215783560 | 建筑库101/101建筑库 6排3列4层/ [索取号:TU-092.2/H647] | 在馆 |